Language Quiz

Random Language or Country Quiz

Czech Yourself Quiz Stats

Quiz Updated May 6, 2017

Challenge
Share
Tweet
Embed
Score 0/24 Timer 05:00
5 Plays Today
Czech Name English Name % Correct
AustrálieAustralia
99.1%
FrancieFrance
98.6%
Česká republikaCzech Republic
98.4%
IndieIndia
98%
JaponskoJapan
97.9%
KanadaCanada
97.9%
ČínaChina
96.3%
EkvádorEcuador
92.7%
Velká BritánieUnited Kingdom
85.1%
TureckoTurkey
84.9%
SlovenskoSlovakia
79.8%
LitvaLithuania
65.3%
Czech Name English Name % Correct
RumunskoRomania
64.2%
AlžírskoAlgeria
54.5%
Svatý Tomáš a Princův ostrovSão Tomé and Príncipe
52.2%
KomoryComoros
49%
Spojené státyUnited States
44.6%
LotyšskoLatvia
43.2%
ChorvatskoCroatia
29.4%
NěmeckoGermany
19.7%
MaďarskoHungary
19.6%
ŘeckoGreece
18.5%
GruzieGeorgia
14.5%
RakouskoAustria
8%

You're not logged in!

Compare scores with friends on all Sporcle quizzes.
Join for Free
OR
Log In

You Might Also Like...

Show Comments

Extras

Top Quizzes Today


Score Distribution

Your Account Isn't Verified!

In order to create a playlist on Sporcle, you need to verify the email address you used during registration. Go to your Sporcle Settings to finish the process.

Report this User

Report this user for behavior that violates our Community Guidelines.

Details: